| 000 | 00535nam a22001817a 4500 | ||
|---|---|---|---|
| 005 | 20241216161700.0 | ||
| 010 | _aENG-143103 | ||
| 020 |
_a9789382632849 _c800.00 |
||
| 035 | _aEN-126635 | ||
| 037 | _bDBAD | ||
| 082 | _a363.70071 | ||
| 100 |
_aParmar, Manisha _975218 |
||
| 245 |
_aCAREER PLANNING AND DEVELOPMENT/ _cBy Manisha Parmar |
||
| 260 |
_aAllahabad _bApraita Publication _c2018 |
||
| 270 |
_a5, Khusro Bagh Road _bAllahabad _e211001 |
||
| 300 |
_a252p. _c21cm (hb) |
||
| 942 |
_2ddc _cEN _h363.70071 _mPAR |
||
| 999 |
_c207731 _d207731 |
||